Recopilación de reglamentos con índices por ministerios, temático y de notas. Se incluyen, además todos los decretos supremos que, sin ser reglamentarios, tienen interés general y permanente

Zapisane w:
Opis bibliograficzny
Korporacja: Contraloría General de la República (Autor)
Format: Książka
Język:hiszpański
Wydane: Santiago Contraloría General de la República 1982
Hasła przedmiotowe:
Etykiety: Dodaj etykietę
Nie ma etykietki, Dołącz pierwszą etykiete!

MARC

LEADER 00000nam a2200000 a 4500
001 UCR0767
003 CL-VaPUC
008 971205e19820000CL |||||||||||||||||spa|d
082 0 4 |a 348.025  |b CON  |2 21 
110 2 |a Contraloría General de la República  |e author  |9 397084 
245 1 0 |a Recopilación de reglamentos con índices por ministerios, temático y de notas. Se incluyen, además todos los decretos supremos que, sin ser reglamentarios, tienen interés general y permanente 
300 |a t 
942 |c BK 
945 |d 19971205 00:00:00  |a lriquelm 
260 |a Santiago  |b Contraloría General de la República  |c 1982 
500 |a Comprende el período que media entre los meses de diciembre de 1981 a junio de 1982 
500 |a Donación profesor Fernando Recio Olguín 
650 7 |a LEGISLACION  |2 CL-VaPUC  |9 397085 
650 7 |a FUENTES  |2 CL-VaPUC  |9 255666 
650 7 |a DERECHO CHILENO  |2 CL-VaPUC  |9 397086 
650 7 |a DECRETOS SUPREMOS  |2 CL-VaPUC  |9 396008 
650 7 |a REGLAMENTOS  |2 CL-VaPUC  |9 259254 
651 7 |a CHILE  |2 CL-VaPUC  |9 397087 
583 |a last modification  |c 20140410 10:46:51  |k Rodrigo Vera 
999 |c 264265  |d 264263 
952 |0 0  |1 0  |4 0  |6 348_025000000000000_CON_1982  |7 0  |8 F  |9 294294  |a BIBDER  |b BIBDER  |d 2019-11-19  |h t.42  |i 1912836  |o 348.025 CON 1982  |p 1912836  |r 2023-01-25  |w 2019-11-19  |y BK_F  |k DER 
952 |0 0  |1 0  |4 0  |6 348_025000000000000_CON_1982  |7 0  |8 X  |9 294295  |a BIBHIS  |b BIBHIS  |d 2019-11-19  |h t.42  |i 212811K  |o 348.025 CON 1982  |p 212811K  |r 2024-01-30  |w 2019-11-19  |y BK_X  |k HIS